[Event "Charlotte ALTO op"]
[Site "Charlotte"]
[Date "2024.11.01"]
[Round "1"]
[White "Lee, Joshua Kyu Ho"]
[Black "Solon, Nathan"]
[Result "0-1"]
[WhiteElo "1847"]
[BlackElo "2327"]
[PlyCount "80"]
[EventDate "2024.11.01"]
[EventType "swiss"]
[EventRounds "5"]
[EventCountry "USA"]
[SourceTitle "CB45_2024"]
[Source "ChessBase"]
[SourceDate "2024.11.06"]
[SourceVersion "1"]
[SourceVersionDate "2024.11.06"]
[SourceQuality "1"]

1. d4 d5 2. c4 c6 3. Nf3 Nf6 4. Nc3 e6 5. g3 dxc4 6. Bg2 Nbd7 7. 0-0 b5 8. Re1 Bb7 9. e4 Be7 10. d5 cxd5 11. exd5 Nxd5 12. Nxb5 0-0 13. Qe2 a6 14. Nbd4 Rc8 15. Bd2 Bf6 16. Rab1 Qb6 17. Bc3 Ba8 18. Qd2 Nxc3 19. bxc3 Qc7 20. Rb4 Rfd8 21. Qe3 Qa5 22. Re2 Bd5 23. Reb2 Nc5 24. Ne1 Bxg2 25. Kxg2 Na4 26. Rxa4 Qxa4 27. Nef3 Qa5 28. h4 Qd5 29. Rd2 Bxd4 30. Rxd4 Qc6 31. Qd2 Rxd4 32. Qxd4 h6 33. g4 Qd5 34. Qb6 e5 35. Qxa6 Ra8 36. Qb6 Qe4 37. Qe3 Qxe3 38. fxe3 Rxa2+ 39. Kg3 f6 40. g5 Re2 0-1

[Event "Titled Tuesday intern op 13th Aug Early"]
[Site "Chess.com INT"]
[Date "2024.08.13"]
[Round "3"]
[White "Solon, Nathan"]
[Black "Toktomushev, Teimur"]
[Result "1/2-1/2"]
[WhiteElo "2327"]
[BlackElo "2279"]
[PlyCount "119"]
[EventDate "2024.08.13"]
[EventType "swiss (blitz)"]
[EventRounds "11"]
[EventCountry "USA"]
[SourceTitle "EXT 2025"]
[Source "ChessBase"]
[SourceDate "2024.10.14"]
[SourceVersion "1"]
[SourceVersionDate "2024.10.14"]
[SourceQuality "1"]

1. d4 d5 2. c4 e6 3. Nc3 Nf6 4. Bg5 Be7 5. Nf3 0-0 6. e3 h6 7. Bxf6 Bxf6 8. Rc1 dxc4 9. Bxc4 c5 10. dxc5 Qa5 11. 0-0 Qxc5 12. Ne4 Qe7 13. Qe2 Bd7 14. Rfd1 Bc6 15. Nxf6+ Qxf6 16. Nd4 Rd8 17. Bd3 e5 18. Nxc6 Nxc6 19. Be4 Rxd1+ 20. Rxd1 Rd8 21. g3 Rxd1+ 22. Qxd1 Qd8 23. Qb3 Qd7 24. h4 h5 25. Qb5 Qc7 26. Qc5 g6 27. Kg2 a6 28. a3 Kg7 29. b4 Kg8 30. Kg1 Kg7 31. Qc4 Kf8 32. Qc5+ Qe7 33. Qc3 Nd8 34. Qc8 Kg7 35. Kg2 f5 36. Bd5 Qd6 37. Bxb7 Nxb7 38. Qxb7+ Kh6 39. Qc8 Kg7 40. Qc3 Qd5+ 41. Kg1 Kh7 42. Qc2 e4 43. Qc7+ Kh6 44. Qc2 Qb5 45. Kg2 Qd5 46. Qe2 Qb3 47. Qxa6 Qd1 48. Qf1 Qf3+ 49. Kg1 g5 50. hxg5+ Kxg5 51. Qc1 h4 52. Qf1 hxg3 53. fxg3 Qxe3+ 54. Qf2 Qc1+ 55. Kg2 Qxa3 56. Qf4+ Kg6 57. Qd6+ Kg5 58. Qf4+ Kg6 59. Qd6+ Kg5 60. Qf4+ 1/2-1/2

[Event "Titled Tuesday intern op 13th Aug Early"]
[Site "Chess.com INT"]
[Date "2024.08.13"]
[Round "10"]
[White "Solon, Nathan"]
[Black "Zakin, Ilay"]
[Result "1-0"]
[WhiteElo "2327"]
[BlackElo "2235"]
[PlyCount "129"]
[EventDate "2024.08.13"]
[EventType "swiss (blitz)"]
[EventRounds "11"]
[EventCountry "USA"]
[SourceTitle "EXT 2025"]
[Source "ChessBase"]
[SourceDate "2024.10.14"]
[SourceVersion "1"]
[SourceVersionDate "2024.10.14"]
[SourceQuality "1"]

1. d4 Nf6 2. Bg5 g6 3. Bxf6 exf6 4. c4 Bg7 5. Nc3 0-0 6. e3 d6 7. g3 c6 8. Bg2 Re8 9. Nge2 f5 10. 0-0 Nd7 11. b4 Nf6 12. b5 Qc7 13. Rb1 Bd7 14. Qa4 c5 15. Rfd1 a6 16. Qb3 Be6 17. bxa6 Rxa6 18. Qxb7 Qxb7 19. Bxb7 Ra3 20. d5 Bd7 21. Rb3 Rxb3 22. axb3 Ne4 23. Nxe4 fxe4 24. Bc6 Bxc6 25. dxc6 Be5 26. Nf4 Ra8 27. Nd5 Kf8 28. Rb1 Rc8 29. c7 Ke8 30. b4 cxb4 31. Rxb4 f5 32. Kf1 Kd7 33. Nb6+ Kxc7 34. Nxc8 Kxc8 35. Rb5 Kc7 36. Ke2 Kc6 37. Kd1 h5 38. Kc2 h4 39. Kb3 h3 40. Rb8 g5 41. Rg8 f4 42. Rxg5 fxe3 43. fxe3 Kd7 44. Rh5 Ke6 45. Rxh3 Kf5 46. Rh4 Bf6 47. Rf4+ Ke5 48. h4 Bg7 49. Rf7 Bh6 50. g4 Bxe3 51. g5 Bd4 52. g6 Ke6 53. Rf4 Ke5 54. g7 Kxf4 55. g8Q e3 56. Qg2 Be5 57. Qe2 Ke4 58. h5 Bf4 59. Kc2 Kd4 60. Qd3+ Ke5 61. Kd1 Bg5 62. Ke2 Bf4 63. Kf3 Bg5 64. Qg6 Bf4 65. h6 1-0

[Event "Titled Tuesday intern op 14th May Late"]
[Site "Chess.com INT"]
[Date "2024.05.14"]
[Round "3"]
[White "Solon, Nathan"]
[Black "Kubicka, Anna"]
[Result "0-1"]
[WhiteElo "2326"]
[BlackElo "2293"]
[PlyCount "66"]
[EventDate "2024.05.14"]
[EventType "swiss (blitz)"]
[EventRounds "11"]
[EventCountry "USA"]
[SourceTitle "CBM 220 Extra"]
[Source "ChessBase"]
[SourceDate "2024.07.31"]
[SourceVersion "1"]
[SourceVersionDate "2024.07.31"]
[SourceQuality "1"]

1. d4 Nf6 2. Bf4 c5 3. d5 g6 4. Nc3 Bg7 5. e4 0-0 6. Nf3 d6 7. a4 e6 8. Be2 exd5 9. exd5 Bg4 10. 0-0 Na6 11. h3 Bxf3 12. Bxf3 Nc7 13. Qd2 Rb8 14. Rfe1 b5 15. axb5 Nxb5 16. Nxb5 Rxb5 17. c3 Qb8 18. Ra2 Nd7 19. Rea1 Ne5 20. Be2 Rb7 21. Qc1 Re8 22. Bf1 Rbe7 23. Ra6 c4 24. Bxe5 Rxe5 25. Bxc4 Re1+ 26. Qxe1 Rxe1+ 27. Rxe1 Qxb2 28. Re8+ Bf8 29. Rxd6 Kg7 30. Rc6 Qxc3 31. Bf1 Qd4 32. Bc4 Bc5 33. Re2 Qxc4 0-1

[Event "Titled Tuesday intern op 05th Mar Late"]
[Site "Chess.com INT"]
[Date "2024.03.05"]
[Round "4"]
[White "Solon, Nathan"]
[Black "Poltorak, Sebastian"]
[Result "1-0"]
[WhiteElo "2327"]
[BlackElo "2392"]
[PlyCount "81"]
[EventDate "2024.03.05"]
[EventType "swiss (blitz)"]
[EventRounds "11"]
[EventCountry "USA"]
[SourceTitle "EXT 2025"]
[Source "ChessBase"]
[SourceDate "2024.10.14"]
[SourceVersion "1"]
[SourceVersionDate "2024.10.14"]
[SourceQuality "1"]

1. d4 Nf6 2. Bf4 b6 3. Nc3 Bb7 4. f3 d5 5. e4 e6 6. e5 Nfd7 7. Be3 a6 8. f4 c5 9. Nf3 Nc6 10. Be2 cxd4 11. Nxd4 Nxd4 12. Bxd4 Qc7 13. 0-0 Bc5 14. Kh1 0-0-0 15. Bf3 Kb8 16. Ne2 f6 17. exf6 gxf6 18. c3 e5 19. fxe5 fxe5 20. Bxc5 Nxc5 21. a4 Rhg8 22. a5 e4 23. Bh5 Nd3 24. axb6 Qxb6 25. Nd4 Rg5 26. Be2 Ne5 27. Qd2 Rdg8 28. Qf4 Qd6 29. g3 Ka8 30. Bxa6 Bxa6 31. Nb5 Qc5 32. Rxa6+ Kb7 33. Ra7+ Kb6 34. Qf6+ Qc6 35. Qe7 R8g7 36. Qd8+ Kxb5 37. Qa5+ Kc4 38. Qb4+ Kd3 39. Qd4+ Ke2 40. Rf2+ Ke1 41. Qd2# 1-0

[Event "Titled Tuesday intern op 27th Feb Late"]
[Site "Chess.com INT"]
[Date "2024.02.27"]
[Round "5"]
[White "Alarcon Bahamondez, Roberto Ignacio"]
[Black "Solon, Nathan"]
[Result "0-1"]
[WhiteElo "2335"]
[BlackElo "2327"]
[PlyCount "88"]
[EventDate "2024.02.27"]
[EventType "swiss (blitz)"]
[EventRounds "11"]
[EventCountry "USA"]
[SourceTitle "CBM 219 Extra"]
[Source "ChessBase"]
[SourceDate "2024.05.31"]
[SourceVersion "1"]
[SourceVersionDate "2024.05.31"]
[SourceQuality "1"]

1. d4 d5 2. c4 c6 3. Nc3 Nf6 4. cxd5 cxd5 5. Bf4 Nc6 6. e3 e6 7. Bd3 Be7 8. h3 Bd7 9. Nf3 0-0 10. 0-0 Qa5 11. a3 Rfc8 12. Rc1 Qd8 13. Qe2 Be8 14. Rc2 a6 15. Rfc1 b5 16. Nb1 Na5 17. Bc7 Rxc7 18. Rxc7 Nc4 19. Rc5 Bxc5 20. dxc5 Rc8 21. b3 Na5 22. Qb2 Nc6 23. b4 Qc7 24. Nbd2 e5 25. Bf5 Rd8 26. Bb1 h6 27. Nb3 Bd7 28. Rd1 Be6 29. Ba2 Ra8 30. Rc1 Nd7 31. Qd2 Nf6 32. Bb1 d4 33. exd4 Bxb3 34. dxe5 Nxe5 35. Qf4 Nxf3+ 36. Qxf3 Bd5 37. Qf5 Re8 38. Rd1 Qe5 39. Qd3 g6 40. a4 Bc4 41. Qf3 bxa4 42. Rd6 Re6 43. Rd8+ Kg7 44. c6 Bd5 0-1

[Event "Titled Tuesday intern op 27th Feb Late"]
[Site "Chess.com INT"]
[Date "2024.02.27"]
[Round "11"]
[White "Yelisieiev, Yevhenii"]
[Black "Solon, Nathan"]
[Result "0-1"]
[WhiteElo "2411"]
[BlackElo "2327"]
[PlyCount "80"]
[EventDate "2024.02.27"]
[EventType "swiss (blitz)"]
[EventRounds "11"]
[EventCountry "USA"]
[SourceTitle "CBM 219 Extra"]
[Source "ChessBase"]
[SourceDate "2024.05.31"]
[SourceVersion "1"]
[SourceVersionDate "2024.05.31"]
[SourceQuality "1"]

1. d4 d5 2. c4 c6 3. Nf3 Nf6 4. e3 e6 5. Nc3 a6 6. Bd3 dxc4 7. Bxc4 b5 8. Be2 c5 9. a4 b4 10. Nb1 Bb7 11. 0-0 Nbd7 12. Nbd2 Be7 13. Nc4 0-0 14. b3 Ne4 15. Bb2 Bf6 16. Rc1 Qe7 17. Qc2 Rac8 18. Bd3 Nd6 19. Bxh7+ Kh8 20. Bd3 cxd4 21. Nxd4 Ne5 22. Qe2 Nxd3 23. Qxd3 Ne4 24. Nb6 Rxc1 25. Rxc1 Rd8 26. Qc2 Be5 27. Nf3 Bxb2 28. Qxb2 Nc3 29. Nc4 Bxf3 30. gxf3 Qg5+ 31. Kh1 Qh5 32. Kg2 Qg6+ 33. Kh1 Qh5 34. Nd2 Rxd2 35. Qxd2 Qxf3+ 36. Kg1 Ne2+ 37. Kf1 Nxc1 38. Qd8+ Kh7 39. Qh4+ Kg6 40. Qxb4 Qh1# 0-1

[Event "Titled Tuesday intern op 19th Dec Late"]
[Site "Chess.com INT"]
[Date "2023.12.19"]
[Round "2"]
[White "Gruzman, Ilya"]
[Black "Solon, Nathan"]
[Result "0-1"]
[WhiteElo "2151"]
[BlackElo "2327"]
[PlyCount "68"]
[EventDate "2023.12.19"]
[EventType "swiss (blitz)"]
[EventRounds "11"]
[EventCountry "USA"]
[SourceTitle "EXT 2025"]
[Source "ChessBase"]
[SourceDate "2024.10.14"]
[SourceVersion "1"]
[SourceVersionDate "2024.10.14"]
[SourceQuality "1"]

1. d4 d5 2. c4 c6 3. Nf3 Nf6 4. Nc3 e6 5. Bg5 dxc4 6. e4 b5 7. e5 h6 8. Bh4 g5 9. Nxg5 hxg5 10. Bxg5 Be7 11. exf6 Bxf6 12. Bxf6 Qxf6 13. Ne4 Qe7 14. g3 f5 15. Nd2 Bb7 16. Bg2 c5 17. Bxb7 Qxb7 18. Qf3 Nc6 19. dxc5 0-0-0 20. 0-0-0 Ne5 21. Qxb7+ Kxb7 22. Rdf1 Nd3+ 23. Kc2 Nb4+ 24. Kc1 Nxa2+ 25. Kc2 Nb4+ 26. Kc1 Nd3+ 27. Kc2 Kc6 28. Nf3 Kxc5 29. h4 b4 30. Ng5 Kd5 31. h5 Rdg8 32. f4 Rh6 33. b3 Nc5 34. bxc4+ Kxc4 0-1

[Event "Titled Tuesday intern op 19th Dec Late"]
[Site "Chess.com INT"]
[Date "2023.12.19"]
[Round "1"]
[White "Solon, Nathan"]
[Black "Botez, Alexandra"]
[Result "1-0"]
[WhiteElo "2327"]
[BlackElo "1977"]
[PlyCount "146"]
[EventDate "2023.12.19"]
[EventType "swiss (blitz)"]
[EventRounds "11"]
[EventCountry "USA"]
[SourceTitle "EXT 2025"]
[Source "ChessBase"]
[SourceDate "2024.10.14"]
[SourceVersion "1"]
[SourceVersionDate "2024.10.14"]
[SourceQuality "1"]

1. d4 d5 2. Bf4 Nf6 3. e3 e6 4. Nf3 c5 5. Nbd2 Nc6 6. c3 Bd6 7. Bg3 0-0 8. Bd3 c4 9. Bc2 b5 10. e4 dxe4 11. Nxe4 Nxe4 12. Bxe4 Bb7 13. 0-0 Bxg3 14. hxg3 Qc7 15. Qe2 Ne7 16. Rfe1 h6 17. g4 Bxe4 18. Qxe4 Qc6 19. Qf4 Nd5 20. Qg3 Qc7 21. Qh4 Qf4 22. Ne5 Rac8 23. Re2 a5 24. Rae1 b4 25. Qh3 bxc3 26. bxc3 Rc7 27. Rb2 Ra8 28. Reb1 f6 29. Rb8+ Rxb8 30. Rxb8+ Kh7 31. Rh8+ Kxh8 32. Ng6+ Kg8 33. Nxf4 Nxf4 34. Qe3 g5 35. g3 Nd3 36. Qxe6+ Kg7 37. d5 Ne5 38. f4 Nf7 39. Kf2 Rb7 40. Ke3 Rb1 41. Kd4 Rd1+ 42. Kc5 Rd3 43. Kxc4 Rxg3 44. d6 Rf3 45. fxg5 Rf4+ 46. Kc5 hxg5 47. d7 Rf3 48. Qe7 Rxc3+ 49. Kb6 Rd3 50. Kxa5 Rd6 51. Qxd6 Nxd6 52. Kb6 Nf7 53. Kc7 f5 54. gxf5 Kf6 55. a4 g4 56. a5 g3 57. a6 g2 58. a7 g1Q 59. a8Q Qc5+ 60. Qc6+ Qxc6+ 61. Kxc6 Nd8+ 62. Kc7 Ke7 63. f6+ Kxf6 64. Kxd8 Kf7 65. Kc8 Kf8 66. d8Q+ Kg7 67. Qd6 Kh7 68. Kc7 Kg7 69. Kc6 Kh8 70. Kd5 Kh7 71. Ke5 Kh8 72. Kf6 Kh7 73. Qd7+ Kh8 1-0

[Event "Titled Tuesday intern op 12th Dec Late"]
[Site "Chess.com INT"]
[Date "2023.12.12"]
[Round "5"]
[White "Durarbayli, Vasif"]
[Black "Solon, Nathan"]
[Result "1-0"]
[WhiteElo "2627"]
[BlackElo "2327"]
[PlyCount "79"]
[EventDate "2023.12.12"]
[EventType "swiss (blitz)"]
[EventRounds "11"]
[EventCountry "USA"]
[SourceTitle "EXT 2025"]
[Source "ChessBase"]
[SourceDate "2024.10.14"]
[SourceVersion "1"]
[SourceVersionDate "2024.10.14"]
[SourceQuality "1"]

1. e4 c5 2. Nf3 Nf6 3. e5 Nd5 4. Nc3 e6 5. Ne4 f5 6. Nc3 Nb4 7. Bc4 a6 8. a3 N4c6 9. 0-0 b5 10. Ba2 Bb7 11. Re1 Be7 12. d4 cxd4 13. Nxd4 Nxd4 14. Qxd4 Nc6 15. Qd3 Qc7 16. Qg3 0-0 17. Bh6 Rf7 18. Nd5 Qd8 19. Nxe7+ Nxe7 20. Bg5 Qc7 21. Bxe7 Rxe7 22. Re2 Rc8 23. Rd1 Be4 24. c3 Bc6 25. Rd6 Qb6 26. h4 a5 27. h5 h6 28. Qf4 Rb8 29. Qxf5 b4 30. axb4 axb4 31. Qg6 Qa6 32. Bb1 Rf7 33. Bd3 Qa1+ 34. Kh2 bxc3 35. bxc3 Qxc3 36. Qh7+ Kf8 37. Bg6 Qc4 38. Bxf7 Qh4+ 39. Kg1 Rb1+ 40. Qxb1 1-0

[Event "Titled Tuesday intern op 12th Dec Late"]
[Site "Chess.com INT"]
[Date "2023.12.12"]
[Round "2"]
[White "Nihal, Sarin"]
[Black "Solon, Nathan"]
[Result "1-0"]
[WhiteElo "2688"]
[BlackElo "2327"]
[PlyCount "71"]
[EventDate "2023.12.12"]
[EventType "swiss (blitz)"]
[EventRounds "11"]
[EventCountry "USA"]
[SourceTitle "EXT 2025"]
[Source "ChessBase"]
[SourceDate "2024.10.14"]
[SourceVersion "1"]
[SourceVersionDate "2024.10.14"]
[SourceQuality "1"]

1. c4 c6 2. Nf3 d5 3. e3 Nf6 4. Nc3 e6 5. b3 Bd6 6. Bb2 0-0 7. d4 Nbd7 8. Bd3 e5 9. cxd5 cxd5 10. dxe5 Nxe5 11. Be2 Nc6 12. 0-0 a6 13. Rc1 Re8 14. h3 Be6 15. Bd3 Qd7 16. Ng5 Bf5 17. Na4 Bxd3 18. Qxd3 Ne4 19. Nb6 Qe7 20. Nxa8 Qxg5 21. Nb6 Ne5 22. Bxe5 Qxe5 23. f4 Qb2 24. Rc2 Qa3 25. Qxd5 Qb4 26. Rc4 Qxb6 27. Rxe4 Rd8 28. Rd1 g6 29. Qc4 Bf8 30. Rxd8 Qxd8 31. Rd4 Qb6 32. Kf2 Bc5 33. Rd7 Bxe3+ 34. Kf3 Bc5 35. Qxf7+ Kh8 36. Qxh7# 1-0

[Event "Titled Tuesday intern op 12th Dec Late"]
[Site "Chess.com INT"]
[Date "2023.12.12"]
[Round "3"]
[White "Solon, Nathan"]
[Black "Gutierrez Olivares, Daniel"]
[Result "1-0"]
[WhiteElo "2327"]
[BlackElo "2354"]
[PlyCount "113"]
[EventDate "2023.12.12"]
[EventType "swiss (blitz)"]
[EventRounds "11"]
[EventCountry "USA"]
[SourceTitle "EXT 2025"]
[Source "ChessBase"]
[SourceDate "2024.10.14"]
[SourceVersion "1"]
[SourceVersionDate "2024.10.14"]
[SourceQuality "1"]

1. d4 e6 2. Bf4 Nf6 3. e3 b6 4. Qf3 Nc6 5. Nc3 Bb7 6. 0-0-0 Qc8 7. e4 a6 8. d5 Ne7 9. Nh3 Ng6 10. Bg5 Be7 11. Qe2 h6 12. Be3 Bb4 13. Qc4 a5 14. Nb5 c6 15. dxc6 Bxc6 16. f3 0-0 17. a3 Be7 18. Nd6 Qb8 19. Qd4 Ne8 20. Nxe8 Rxe8 21. Qxb6 Qc8 22. Nf4 Ba4 23. Bd3 Ne5 24. Qd4 Nxd3+ 25. Qxd3 Qc7 26. Nh5 Rec8 27. Rd2 Rab8 28. Qd4 f6 29. Qxa4 Qb7 30. Bd4 e5 31. Bc3 Rxc3 32. b3 Rbc8 33. Kb1 Kh7 34. Qxd7 R8c7 35. Qd5 Qc8 36. Rc1 a4 37. Qf7 Bxa3 38. Nxf6+ Kh8 39. Qg6 gxf6 40. Qxh6+ Kg8 41. Qg6+ Rg7 42. Qxf6 axb3 43. Rd8+ Qxd8 44. Qxd8+ Kh7 45. Qh4+ Kg8 46. Qd8+ Kf7 47. Qd5+ Kf6 48. f4 Re7 49. fxe5+ Rxe5 50. Qd4 bxc2+ 51. Rxc2 Rb3+ 52. Ka2 Bd6 53. Kxb3 Ke7 54. Qxe5+ Bxe5 55. h3 Ke6 56. Rf2 Bf4 57. Rxf4 1-0

[Event "Titled Tuesday intern op 05th Dec Late"]
[Site "Chess.com INT"]
[Date "2023.12.05"]
[Round "3"]
[White "Senft, Sean"]
[Black "Solon, Nathan"]
[Result "1/2-1/2"]
[WhiteElo "2107"]
[BlackElo "2327"]
[PlyCount "138"]
[EventDate "2023.12.05"]
[EventType "swiss (blitz)"]
[EventRounds "11"]
[EventCountry "USA"]
[SourceTitle "EXT 2025"]
[Source "ChessBase"]
[SourceDate "2024.10.14"]
[SourceVersion "1"]
[SourceVersionDate "2024.10.14"]
[SourceQuality "1"]

1. d4 d5 2. c4 c6 3. Nc3 Nf6 4. Nf3 e6 5. cxd5 exd5 6. Bg5 Be7 7. e3 Bf5 8. Bd3 Bxd3 9. Qxd3 Nbd7 10. 0-0 0-0 11. Rac1 Re8 12. Na4 Ne4 13. Bxe7 Qxe7 14. Nd2 Ndf6 15. Nxe4 Nxe4 16. Nc5 Nd6 17. a4 Qg5 18. g3 Re7 19. a5 a6 20. Qd1 Rae8 21. Qf3 g6 22. Qf4 Qxf4 23. gxf4 f6 24. Rc3 Kf7 25. Rb3 g5 26. fxg5 fxg5 27. Kg2 Kg6 28. Rg1 Rf7 29. Nd3 Nc4 30. Rb4 Kf5 31. Nc5 Ree7 32. Ra1 Kg6 33. Nd3 Rf5 34. b3 Nd2 35. Rb6 Ne4 36. Ra4 Kg7 37. Rab4 Rff7 38. f3 Nd6 39. Ne5 Rf5 40. e4 dxe4 41. fxe4 Rf4 42. d5 Rxe5 43. dxc6 bxc6 44. Rxc6 Nxe4 45. Rb7+ Rf7 46. Rxf7+ Kxf7 47. Rxa6 Rb5 48. Ra7+ Kg6 49. Re7 Nd2 50. a6 Rxb3 51. Re2 Nc4 52. Ra2 Rb8 53. a7 Ra8 54. Ra6+ Kf5 55. Kf3 Ne5+ 56. Ke3 h5 57. Kd4 Nf3+ 58. Kd5 Nxh2 59. Kc6 g4 60. Kb7 Rxa7+ 61. Kxa7 h4 62. Ra5+ Ke4 63. Ra4+ Kd5 64. Kb6 g3 65. Rxh4 Ke5 66. Rh8 Kf4 67. Rf8+ Ke3 68. Rg8 Kf2 69. Rxg3 Kxg3 1/2-1/2

[Event "Titled Tuesday intern op 05th Dec Late"]
[Site "Chess.com INT"]
[Date "2023.12.05"]
[Round "4"]
[White "Solon, Nathan"]
[Black "Argandona Riveiro, Inigo"]
[Result "1-0"]
[WhiteElo "2327"]
[BlackElo "2336"]
[PlyCount "95"]
[EventDate "2023.12.05"]
[EventType "swiss (blitz)"]
[EventRounds "11"]
[EventCountry "USA"]
[SourceTitle "EXT 2025"]
[Source "ChessBase"]
[SourceDate "2024.10.14"]
[SourceVersion "1"]
[SourceVersionDate "2024.10.14"]
[SourceQuality "1"]

1. d4 d6 2. Nf3 g6 3. e4 Bg7 4. Bc4 Nf6 5. Qe2 0-0 6. 0-0 a6 7. e5 Ne8 8. Nc3 Nc6 9. Bf4 Bg4 10. Rad1 Qc8 11. Rfe1 Qf5 12. Bg3 Bxf3 13. gxf3 e6 14. f4 d5 15. Bd3 Qh3 16. Qe3 Nb4 17. Bf1 Qf5 18. Qd2 Nxc2 19. Bd3 Nxe1 20. Rxe1 Qh3 21. Bf1 Qh5 22. Be2 Qh6 23. Nd1 f5 24. Kg2 Rf7 25. Nc3 Bf8 26. Na4 Be7 27. h4 Ng7 28. Rc1 c6 29. Nc5 Bd8 30. b4 Nh5 31. a4 Ng7 32. a5 Rc8 33. Qe3 Rcc7 34. Qd2 Be7 35. Qe3 Bxh4 36. Rh1 g5 37. fxg5 f4 38. gxh6 fxe3 39. Rxh4 Nf5 40. Rg4+ Kh8 41. Nxe6 Rce7 42. Ng5 Rf8 43. Bd3 e2 44. Bxe2 Nxh6 45. Rh4 Nf5 46. Rf4 Rg7 47. Ne6 Nh4+ 48. Rxh4 1-0

[Event "Titled Tuesday intern op 05th Dec Late"]
[Site "Chess.com INT"]
[Date "2023.12.05"]
[Round "2"]
[White "Solon, Nathan"]
[Black "Kostiukov, Alexandr"]
[Result "1-0"]
[WhiteElo "2327"]
[BlackElo "2271"]
[PlyCount "79"]
[EventDate "2023.12.05"]
[EventType "swiss (blitz)"]
[EventRounds "11"]
[EventCountry "USA"]
[SourceTitle "EXT 2025"]
[Source "ChessBase"]
[SourceDate "2024.10.14"]
[SourceVersion "1"]
[SourceVersionDate "2024.10.14"]
[SourceQuality "1"]

1. d4 g6 2. e4 Bg7 3. Nf3 d6 4. Bc4 e6 5. Bb3 Ne7 6. c3 b6 7. 0-0 Bb7 8. Re1 Nd7 9. Nbd2 h6 10. Nf1 c5 11. Ng3 0-0 12. h4 Nf6 13. Bf4 cxd4 14. cxd4 d5 15. e5 Ne4 16. Bc2 Nxg3 17. fxg3 h5 18. Ng5 Rc8 19. Bd3 Nf5 20. g4 hxg4 21. Qxg4 Nh6 22. Qh3 Rc4 23. Nxe6 fxe6 24. Bxh6 Bxh6 25. Qxe6+ Rf7 26. Bxg6 Rcc7 27. Bxf7+ Rxf7 28. Qxh6 Rg7 29. Rf1 Ba6 30. Rf6 Bd3 31. Rd1 Be4 32. Rd2 Qc8 33. Rc6 Qg4 34. Qe6+ Kh7 35. Qxg4 Rxg4 36. e6 Kg7 37. Rf2 Bg6 38. e7 Re4 39. Rc7 Be8 40. Rf8 1-0

[Event "Titled Tuesday intern op 05th Dec Late"]
[Site "Chess.com INT"]
[Date "2023.12.05"]
[Round "10"]
[White "Solon, Nathan"]
[Black "Pesotskiy, Mikhail"]
[Result "0-1"]
[WhiteElo "2327"]
[BlackElo "2143"]
[PlyCount "84"]
[EventDate "2023.12.05"]
[EventType "swiss (blitz)"]
[EventRounds "11"]
[EventCountry "USA"]
[SourceTitle "EXT 2025"]
[Source "ChessBase"]
[SourceDate "2024.10.14"]
[SourceVersion "1"]
[SourceVersionDate "2024.10.14"]
[SourceQuality "1"]

1. d4 Nf6 2. Bf4 e6 3. e3 c5 4. Nf3 Nc6 5. Nbd2 d5 6. c3 Nh5 7. Bg5 f6 8. Bh4 g6 9. Bd3 cxd4 10. cxd4 Bd6 11. 0-0 0-0 12. Rc1 Bd7 13. Be2 g5 14. Ne1 gxh4 15. Bxh5 Kh8 16. Nef3 f5 17. Nb3 b6 18. Nbd2 Qf6 19. h3 Rg8 20. Kh1 Rg7 21. Ne1 f4 22. e4 Nxd4 23. Ndf3 Be5 24. exd5 exd5 25. Nd3 Bd6 26. Nde1 Be5 27. Nd3 Bd6 28. Nde1 Bb5 29. Rg1 Ne2 30. Qxd5 Rag8 31. Qxb5 Nxc1 32. Qc6 Ne2 33. Qe4 Nxg1 34. Kxg1 Qxb2 35. Nxh4 Bb4 36. Nef3 Be7 37. Nf5 Rxg2+ 38. Kh1 Qc1+ 39. Ne1 Rg1+ 40. Kh2 Qxe1 41. Qd4+ R1g7 42. Nxe7 Qg1# 0-1

[Event "Titled Tuesday intern op 28th Nov Late"]
[Site "Chess.com INT"]
[Date "2023.11.28"]
[Round "7"]
[White "Ibarra Jerez, Jose Carlos"]
[Black "Solon, Nathan"]
[Result "1-0"]
[WhiteElo "2567"]
[BlackElo "2327"]
[PlyCount "89"]
[EventDate "2023.11.28"]
[EventType "swiss (blitz)"]
[EventRounds "11"]
[EventCountry "USA"]
[SourceTitle "EXT 2025"]
[Source "ChessBase"]
[SourceDate "2024.10.14"]
[SourceVersion "1"]
[SourceVersionDate "2024.10.14"]
[SourceQuality "1"]

1. e4 c5 2. Nf3 Nf6 3. e5 Nd5 4. d4 cxd4 5. Qxd4 e6 6. a3 Nc6 7. Qd1 Qc7 8. c4 Nde7 9. Nc3 Nxe5 10. Nb5 Nxf3+ 11. Qxf3 Qe5+ 12. Be2 Ng6 13. Qg3 Qxg3 14. hxg3 Kd8 15. Be3 b6 16. Bf3 Rb8 17. Nxa7 Bc5 18. Bxc5 bxc5 19. 0-0-0 Ke7 20. Rh5 f5 21. g4 Nf4 22. Rh4 g5 23. Rh6 Ba6 24. g3 Ng6 25. gxf5 exf5 26. Bd5 Kf6 27. Rdh1 Kg7 28. R6h5 h6 29. f4 gxf4 30. Rxf5 Rhf8 31. g4 Rxf5 32. gxf5 Ne5 33. f6+ Kxf6 34. Rxh6+ Kg5 35. Rxa6 f3 36. Nb5 f2 37. Bg2 Nxc4 38. Nd6 Ne3 39. Ne4+ Kf4 40. Nxf2 Nxg2 41. Rd6 Rb7 42. Nd3+ Ke3 43. Nxc5 Rc7 44. b4 Nf4 45. Kb2 1-0

[Event "Titled Tuesday intern op 28th Nov Late"]
[Site "Chess.com INT"]
[Date "2023.11.28"]
[Round "1"]
[White "Solon, Nathan"]
[Black "Schuster, Karsten"]
[Result "1-0"]
[WhiteElo "2327"]
[BlackElo "2305"]
[PlyCount "105"]
[EventDate "2023.11.28"]
[EventType "swiss (blitz)"]
[EventRounds "11"]
[EventCountry "USA"]
[SourceTitle "EXT 2025"]
[Source "ChessBase"]
[SourceDate "2024.10.14"]
[SourceVersion "1"]
[SourceVersionDate "2024.10.14"]
[SourceQuality "1"]

1. d4 d5 2. Bf4 c5 3. e3 cxd4 4. exd4 Nc6 5. Nf3 Nf6 6. Nbd2 Bf5 7. Bb5 a6 8. Bxc6+ bxc6 9. Ne5 Qb6 10. Nb3 e6 11. g4 Be4 12. f3 Bg6 13. h4 h5 14. g5 Nd7 15. Nxg6 fxg6 16. Qe2 Kf7 17. 0-0-0 a5 18. Rhe1 Re8 19. a4 Bb4 20. Bd2 Kg8 21. Qd3 Kh7 22. f4 Rhf8 23. Re2 Rf5 24. Rde1 Nf8 25. Kb1 Rc8 26. Bxb4 Qxb4 27. Nc5 Rb8 28. b3 Re8 29. Ka2 Rxf4 30. Nxe6 Rxe6 31. Rxe6 Nxe6 32. Rxe6 Rf5 33. Rxc6 Qe1 34. Ra6 Qxh4 35. Rxa5 Qxg5 36. Ra8 Qg1 37. a5 Rf1 38. Ka3 Ra1+ 39. Kb4 Qe1+ 40. Qc3 Qc1 41. a6 Qa3+ 42. Kb5 Rc1 43. Qb4 Qxb4+ 44. Kxb4 Rxc2 45. a7 Rc7 46. Rh8+ Kxh8 47. a8Q+ Kh7 48. Qxd5 h4 49. Qg5 Rb7+ 50. Kc3 h3 51. Qh4+ Kg8 52. Qxh3 Rc7+ 53. Kd3 1-0

[Event "Titled Tuesday intern op 14th Nov Late"]
[Site "Chess.com INT"]
[Date "2023.11.14"]
[Round "10"]
[White "Bazeev, German"]
[Black "Solon, Nathan"]
[Result "1-0"]
[WhiteElo "2369"]
[BlackElo "2327"]
[PlyCount "85"]
[EventDate "2023.11.14"]
[EventType "swiss (blitz)"]
[EventRounds "11"]
[EventCountry "USA"]
[SourceTitle "EXT 2025"]
[Source "ChessBase"]
[SourceDate "2024.10.14"]
[SourceVersion "1"]
[SourceVersionDate "2024.10.14"]
[SourceQuality "1"]

1. d4 d5 2. Nf3 Nf6 3. c4 c6 4. Qc2 dxc4 5. e4 b5 6. b3 cxb3 7. axb3 e6 8. Bd2 a5 9. Bd3 Na6 10. 0-0 Nb4 11. Bxb4 Bxb4 12. Qxc6+ Bd7 13. Qc2 0-0 14. Qe2 Qb6 15. Rd1 g6 16. Na3 Rab8 17. Nc2 Bc3 18. Rab1 Rfd8 19. Qe3 b4 20. Qh6 Ng4 21. Qh4 e5 22. h3 Nf6 23. dxe5 Nh5 24. Ne3 Be6 25. Bc4 a4 26. Nd5 Bxd5 27. exd5 a3 28. d6 a2 29. Rbc1 Qa7 30. Ng5 Rf8 31. Qe4 a1Q 32. Rxa1 Bxa1 33. g4 Ng3 34. Qf3 Bxe5 35. d7 Nf5 36. gxf5 Bf6 37. Nxf7 Rxf7 38. fxg6 Kg7 39. gxf7 Qb6 40. Re1 Ra8 41. Re6 Ra1+ 42. Kg2 Qxe6 43. Bxe6 1-0